000 00309nam a2200121Ia 4500
008 220216s9999 xx 000 0 und d
100 _aJoykutty P A
245 0 _aRubber: Nottam pole nettam. 3. Tapping ennal vettu alla
260 _bKarshakasree
_c2012
300 _a58-60
650 _aTapping
942 _cBS
999 _c51134
_d51134